000 01250nam a22003377a 4500
003 CHAP
005 20220329141812.0
008 971013s1982 r 00010 d
010 _a74084
011 _a75056
035 _a84616
040 _cCHAP
090 _aTesis
100 0 0 _aGarza Martínez, Jesús Eduardo.
_947102
245 _aDeterminación del fotoperíodo de 10 variedades de soya (Glycine max L.) a través de su comportamiento en seis diferentes fechas de siembra en el Campo Agrícola Experimental del I.T.E.S.M. en Apodaca, N.L.
260 _a(Monterrey, N.L.) :
_bEl autor,
_c1982
300 _a41 h.
502 _aTesis (Ing. Agrónomo en Producción) -- ITESM. Div. de Ciencias Agropecuarias y Marítimas
590 _aALEPH
_b10
_c20130110
_lUCH01
_h1418
590 _aBATCH-UPD
_b10
_c20130110
_lUCH01
_h0759
590 _aBATCH-UPD
_b10
_c20130410
_lUCH01
_h0438
590 _aBATCH-UPD
_b10
_c20130914
_lUCH01
_h1434
590 _aCONVERSION
_b10
_c20130109
_lUCH01
_h1340
650 1 4 _aFotoperíodo.
_942735
650 1 4 _aSoya
_xFechas de siembra.
_9109050
650 1 4 _aSoya
_xNuevo León.
_9109075
650 1 4 _aSoya
_xVariedades.
_9109096
901 _aBK
942 _cLIBRO
949 _bBC
_cTES
_d-40032
_eLIBRO
_i84616
_si
999 _c74084
_d74084